| 000 | 01162nam a22003377a 4500 | ||
|---|---|---|---|
| 003 | CHAP | ||
| 005 | 20220329141259.0 | ||
| 008 | 971010s1979 r 00010 d | ||
| 010 | _a65668 | ||
| 011 | _a66640 | ||
| 035 | _a75157 | ||
| 040 | _cCHAP | ||
| 090 | _aTesis | ||
| 100 | 0 | 0 |
_aVassallo Muñiz, Carlos César. _9118185 |
| 245 | 1 | _aInteracciones entre ingredientes en raciones completas para ganado lechero | |
| 260 |
_aChapingo, Méx. : _bEl autor, _c1979 |
||
| 300 |
_a60 h. _b; gráfs. |
||
| 502 | _aTesis (M.C. Esp. en Ganadería) -- C.P. Rama de Ganadería | ||
| 590 |
_aALEPH _b10 _c20130110 _lUCH01 _h1357 |
||
| 590 |
_aBATCH-UPD _b10 _c20130110 _lUCH01 _h1729 |
||
| 590 |
_aBATCH-UPD _b10 _c20130410 _lUCH01 _h1111 |
||
| 590 |
_aBATCH-UPD _b10 _c20130914 _lUCH01 _h1517 |
||
| 590 |
_aCONVERSION _b10 _c20130109 _lUCH01 _h1336 |
||
| 650 | 1 | 4 |
_aAlimentos y alimentacion del ganado _xAnalisis. _94327 |
| 650 | 1 | 4 |
_aGanado lechero _xAlimentación. _945238 |
| 901 | _aBK | ||
| 942 | _cFOLL | ||
| 949 |
_bBC _cTES _d-153856 _eTS1 _i75157 _si |
||
| 949 |
_bBC _cTES _d33724000695128 _eTS2 _fc.2 _i75157 _si |
||
| 949 |
_bBC _cTES _d33724000695136 _eTS2 _fc.3 _i75157 _si |
||
| 999 |
_c65668 _d65668 |
||